LEADER 01316nam0-22004211i-450- 001 990001490590403321 005 20090806124106.0 010 $a0-387-95284-5 035 $a000149059 035 $aFED01000149059 035 $a(Aleph)000149059FED01 035 $a000149059 100 $a20020211d2001----km-y0itay50------ba 101 0 $aeng 102 $aUS 105 $aa---a---001yy 200 1 $a<>elements of statistical learning$edata mining, inference, and prediction$fTrevor Hastie, Robert Tibshirani, Jerome Friedman 210 $aNew York$cSpringer-Verlag$dc2001 215 $axvi, 533 p.$cill. (col.)$d24 cm 225 1 $aSpringer series in statistics 307 $awith 200 full-color illustrations 610 0 $aApprendimento da parte della macchina$aSupervised learning 676 $a006.31$v21 700 1$aHastie,$bTrevor J.$0102218 701 1$aFriedman,$bJerome$066317 701 1$aTibshirani,$bRobert$066318 801 0$aIT$bUNINA$gRICA$2UNIMARC 901 $aBK 912 $a990001490590403321 952 $aVI E 1025$fFSPBC 952 $aVII-C-122$b8875$fMAS 952 $a006.31-HAS-1$b1374$fSC1 952 $a006.31-HAS-1a$b4632$fSC1 959 $aSC1 959 $aFSPBC 959 $aMAS 996 $aElements of statistical learning$9377820 997 $aUNINA LEADER 01494nam 2200313Ia 450 001 996388178903316 005 20221107142136.0 035 $a(CKB)1000000000637850 035 $a(EEBO)2240860485 035 $a(OCoLC)53299110 035 $a(EXLCZ)991000000000637850 100 $a20031028d1664 uy 0 101 0 $aeng 135 $aurbn||||a|bb| 200 10$aChrist's last sermon, or, The everlasting estate and condition of all men in the world to come$b[electronic resource] $eExactly describing the everlasting, blessed, and happy condition of the children of God in glory for ever: with the everlasting, endlesse, and caseless [sic] condition of wicked men in the world to come forever. Set forth for the comfort of the godly, and for the terror of the ungodly. /$fBy a godly, able and faithfull servant of Jesus Christ, J.H 210 $aEdinburgh, $cPrinted for Andrevv Anderson$dAnno Dom. 1664 215 $a[48] p. $cport 300 $aThe frontispiece is a portrait of the author, John Hart, with his name printed over it. 300 $aReproduction of original in British Library. 330 $aeebo-0097 606 $aFuture life$xChristianity$vEarly works to 1800 615 0$aFuture life$xChristianity 700 $aHart$b John$cD.D.$0195672 801 0$bEAE 801 1$bEAE 906 $aBOOK 912 $a996388178903316 996 $aChrist's last sermon, or, The everlasting estate and condition of all men in the world to come$92307951 997 $aUNISA